Catálogo

Vista normal Vista MARC

Entrada Personal Name

Número de registros utilizados en: 1

001 - CONTROL NUMBER

  • control field: 15184

003 - CONTROL NUMBER IDENTIFIER

  • control field: DLC

005 - DATE AND TIME OF LATEST TRANSACTION

  • control field: 20231127142122.0

008 - FIXED-LENGTH DATA ELEMENTS

  • fixed length control field: 140324n| azannaabn |a aaa c

010 ## - LIBRARY OF CONGRESS CONTROL NUMBER

  • LC control number: no2014039540

035 ## - SYSTEM CONTROL NUMBER

  • System control number: (OCoLC)oca09714983

035 ## - SYSTEM CONTROL NUMBER

  • System control number: (CaEvSKY)skya10434528

040 ## - CATALOGING SOURCE

  • Original cataloging agency: PE-LiPUB
  • Language of cataloging: eng
  • Transcribing agency: Mx-PuUPA
  • Description conventions: rda
  • Modifying agency: MX-SlUA
  • Modifying agency: Mx-PuUPA

100 1# - HEADING--PERSONAL NAME

  • Personal name: Garayzábal Heinze, Elena,

372 ## - FIELD OF ACTIVITY

  • Field of activity: Lingüística
  • Source of term: lcsh

373 ## - ASSOCIATED GROUP

  • Associated group: Universidad Autónoma de Madrid
  • Source of term: naf

374 ## - OCCUPATION

  • Occupation: Profesor universitario
  • Source of term: lcsh

375 ## - GENDER

  • Gender: mujer
  • Source of term: lcdgt

377 ## - ASSOCIATED LANGUAGE

  • Language code: spa

400 1# - SEE FROM TRACING--PERSONAL NAME

  • Personal name: Heinze, Elena Garayzábal

670 ## - SOURCE DATA FOUND

  • Source citation: Guía de intervención logopédica en el síndrome de Smith-Magenis, 2013:
  • Information found: back cover (Elena Garayzábal Heinze es profesora titular en la Universidad Autónoma de Madrid y logopeda)

670 ## - SOURCE DATA FOUND

  • Source citation: Fundamentos de psicolingüística, 2015:
  • Information found: back cover (Elena Garayzábal Heinze; Universidad Autónoma de Madrid; College teacher of General Linguistics)